00322nam a22001097a 4500020001800000082001400018100002500032245007700057260004200134300000800176650002800184 a90-04-09943-3 a200.9 BAL aBalagangadhara, S.N. aThe Heathen in his blindness..Asia, the west and the dynamic of religion aLeiden, NetherlandsbE.J. Brillc1994 a563 aReligion-Histiriography